000 00630nam a2200181Ia 4500
003 GCL
008 140319s9999 xx 000 0 ara d
040 _aGCL /
_cGCL
082 0 4 _a811.09
_bم م
100 1 _aمحمد عبدالمطلب
245 1 0 _aمداخل قراءة النص الشعر: احتفالية الشاعر محمد حسن فقى /
_cمحمد عبدالمطلب
300 _a54 ص
490 _aالهيئة العامة للاستعلامات
_v0
650 0 4 _aالشعر العربى
650 0 4 _aالادب العربى
650 0 4 _aالشعر العربى - العصر الحديث
942 _2ddc
_cBK
999 _c50146
_d50146